Sanat: "Lapin äidin kehtolaulu" - Kalervo Hämäläinen - Statistics

Yleistilastot
  • Tätä visaa on pelattu 44 kertaa
  • Keskiarvotulos 39 / 74
Vastaustilastot
Vastaus % Oikein
lasta
91%
lasta
91%
Äiti
88%
tuntureiden.
88%
tuudittaa,
88%
Lapin
75%
Lapin
75%
Lapin
75%
on
75%
on
75%
on
75%
69%
kylmä
66%
Vaikka
66%
hallayö
63%
Kun
63%
vain
63%
vain
63%
vain
63%
lyö,
59%
maahan
59%
toiveet
59%
usein
59%
ja
56%
kaikkoaa
56%
saat
56%
saat
56%
taakse
56%
maat.
53%
tähtivöiden.
53%
uinu
53%
viima
53%
viima
53%
kerran
50%
kerran
50%
kultamaat.
50%
lahjaks
50%
lahjaks
50%
nää
50%
nää
50%
Päivä
50%
kehtolaulua
47%
kehtolaulua
47%
laajat
47%
lapsein
47%
lapsein
47%
lapselle.
47%
lapselle.
47%
pienoinen,
47%
unta.
47%
onnen
44%
suureks
44%
Suuri
44%
vartut
44%
ihmeinen
41%
kairain
41%
ne
41%
ne
41%
Räiske
41%
Räiske
41%
tuisku,
41%
tuisku,
41%
tuulien,
41%
tuulien
41%
valtakunta.
41%
unten
38%
ylhäin
38%
aavain
34%
aukeain,
34%
pohjanloimujen,
34%
pohjanloimujen,
34%
silmät,
34%
Sulje
34%
mailla
31%
Ehtoja vastaavia visoja ei löytynyt
Tulosjakauma
Jokaisen tuloksen saaneiden osuus
Persentiili vastausten määrän mukaan
Tuloshistoriasi
Et ole pelannut tätä visaa